Statistics for Big 4 Sports "Teams of the Decade"

Click here to take the quiz!

General Stats

  • This quiz has been taken 247 times
  • The average score is 21 of 28

Answer Stats

HintAnswer% Correct
2010sNFLNew England Patriots
91%
2000sNFLNew England Patriots
88%
2000sNBALos Angeles Lakers
87%
1960sNBABoston Celtics
86%
1990sNBAChicago Bulls
86%
1950sNBABoston Celtics / Minneapolis Lakers
85%
2010sNBAGolden State Warriors
85%
1980sNBALos Angeles Lakers
84%
1970sNBABoston Celtics / Los Angeles Lakers
83%
2000sMLBBoston Red Sox / New York Yankees
83%
1960sMLBLos Angeles Dodgers / New York Yankees / St. Louis Cardinals
83%
1950sMLBNew York Yankees
82%
1980sNFLSan Francisco 49ers
80%
1990sMLBNew York Yankees
79%
1990sNFLDallas Cowboys
78%
1960sNFLGreen Bay Packers
77%
1970sNFLPittsburgh Steelers
75%
2010sNHLChicago Blackhawks / Los Angeles Kings / Pittsburgh Penguins
72%
1950sNHLMontreal Canadiens
72%
1960sNHLMontreal Canadiens / Toronto Maple Leafs
69%
2010sMLBSan Francisco Giants
68%
1970sNHLMontreal Canadiens
67%
1990sNHLDetroit Red Wings / New Jersey Devils / Pittsburgh Penguins
64%
1980sNHLEdmonton Oilers
64%
2000sNHLDetroit Red Wings
58%
1980sMLBLos Angeles Dodgers
56%
1950sNFLCleveland Browns
55%
1970sMLBOakland Athletics
49%

Score Distribution

Percentile by Number Answered

Percent of People with Each Score

Your Score History

You have not taken this quiz